Anteproyecto arquitectónico de un complejo turístico deportivo en San Pedro de Lóvago, Chontales, Nicaragua
Presenta una propuesta arquitectónica de un complejo turístico deportivo en San Pedro de Lóvago, se determinan las condiciones de diseño del sitio de emplazamiento del proyecto, se analizan modelos análogos, nacionales e internacionales como referentes turísticos y deportivos y contiene una me...
| Main Authors: | , |
|---|---|
| Other Authors: | |
| Format: | Tesis Section = Libro |
| Language: | Undetermined Spanish |
| Published: |
Managua
UNI
2012
|
| Subjects: |
| LEADER | 01292nam a2200265Ia 4500 | ||
|---|---|---|---|
| 008 | 240830s9999 xx 000 0 und d | ||
| 040 | |a BIBLIOTECA-RUSB/ Mon 725.8043 G914 | ||
| 041 | |a spa | ||
| 082 | |a Mon 725.8043 G914 | ||
| 100 | 1 | |a Guardado Duarte, Rigoberto | |
| 100 | 1 | |b Silva Hernández, Alejandro | |
| 245 | 1 | 0 | |a Anteproyecto arquitectónico de un complejo turístico deportivo en San Pedro de Lóvago, Chontales, Nicaragua |
| 260 | |a Managua |b UNI |c 2012 | ||
| 300 | |a 164 p. :il. | ||
| 500 | |a Contiene: anexos e Incluye: CD. | ||
| 502 | |a Tesis (Arquitecto) - UNI, 2012. | ||
| 520 | 3 | |a Presenta una propuesta arquitectónica de un complejo turístico deportivo en San Pedro de Lóvago, se determinan las condiciones de diseño del sitio de emplazamiento del proyecto, se analizan modelos análogos, nacionales e internacionales como referentes turísticos y deportivos y contiene una memoria descriptiva del proceso de diseño en el que se explica el anteproyecto. | |
| 650 | 7 | |a COMPLEJOS DEPORTIVOS - CHONTALES | |
| 650 | 7 | |b DISEÑO ARQUITECTONICO - INSTALACIONES DEPPORTIVAS | |
| 650 | 7 | |c MODELOS ANALOGOS - ESTUDIO | |
| 650 | 7 | |d ARQUITECTURA - DISEÑO Y PLANOS | |
| 700 | 1 | |a Tutor: |b Rosales Rivera, Benjamin | |
| 942 | |c BK |2 ddc | ||
| 991 | |a TESIS | ||
| 999 | |c 21314 | ||